000 00222nam a22001097a 4500
082 _aGRI
100 _aGriebach
245 _aTeaching Supplement
260 _bMax Hauber Verlage,
_c1963.
300 _a139p. ;
942 _cBK
999 _c57333
_d57330